[Event "Rated Blitz tournament pMF4QYR7"]
[Site "?"]
[Date "2021.11.09"]
[Round "?"]
[White "eri_kbpl"]
[Black "Madjrs72"]
[Result "1-0"]
[WhiteElo "2277"]
[BlackElo "2408"]
[PlyCount "135"]
[EventDate "2021.??.??"]
[EventType "blitz"]

1. e4 e5 2. Nf3 d5 3. Nxe5 Bd6 4. d4 dxe4 5. Qe2 Nf6 6. Bg5 O-O 7. Nc3 Nc6 8.
O-O-O Bf5 9. g4 Bg6 10. Bg2 h6 11. Bxf6 Qxf6 12. Nxc6 bxc6 13. Nxe4 Bxe4 14.
Bxe4 Rfe8 15. f3 Rab8 16. Qd3 Bf4+ 17. Kb1 Qd6 18. Rhe1 a5 19. Ka1 a4 20. a3 c5
21. dxc5 Qxc5 22. Bh7+ Kh8 23. Rxe8+ Rxe8 24. Qd7 Rb8 25. Be4 Be5 26. Qd8+ Qf8
27. Qxf8+ Rxf8 28. c3 Bd6 29. h4 Rb8 30. h5 Kg8 31. Rd4 Kf8 32. Rxa4 Ke7 33.
Kb1 Kd7 34. Kc2 c5 35. Ra7+ Ke6 36. c4 Be5 37. Bd5+ Kd6 38. b3 f6 39. Rxg7 Bd4
40. Rg8 Rb6 41. Re8 Kd7 42. Re4 Ra6 43. b4 Rxa3 44. bxc5 Bxc5 45. Be6+ Kd6 46.
Bd5 Ra2+ 47. Kb3 Ra3+ 48. Kb2 Kc7 49. Re6 Rd3 50. Kc2 Ra3 51. Rxf6 Ra2+ 52. Kd3
Ra3+ 53. Ke4 Re3+ 54. Kf5 Bd4 55. Rxh6 Re8 56. Re6 Rf8+ 57. Ke4 Bc5 58. f4 Ra8
59. f5 Ra1 60. h6 Re1+ 61. Kf4 Rf1+ 62. Kg5 Be3+ 63. Kg6 Bd4 64. g5 Bc5 65. h7
Rh1 66. Rc6+ Kd7 67. f6 Bd4 68. Ra6 {Time forfeit} 1-0

[Event "Rated Blitz game"]
[Site "?"]
[Date "2021.11.09"]
[Round "?"]
[White "tymekchess"]
[Black "King_bg03"]
[Result "0-1"]
[WhiteElo "2672"]
[BlackElo "2606"]
[PlyCount "94"]
[EventDate "2021.??.??"]
[EventType "blitz"]

1. e4 e5 2. Nf3 d5 3. exd5 e4 4. Qe2 Qe7 5. Nd4 Nf6 6. Nc3 Nbd7 7. d3 exd3 8.
Qxe7+ Bxe7 9. Bxd3 Nb6 10. O-O Nfxd5 11. Nxd5 Nxd5 12. Re1 O-O 13. Be4 Bf6 14.
Bxd5 Bxd4 15. c3 Bf6 16. Bf4 c6 17. Bb3 Bf5 18. Bd6 Rfe8 19. f3 Be6 20. Bxe6
Rxe6 21. Rxe6 fxe6 22. Kf2 Rd8 23. Bf4 Kf7 24. Ke2 Rd5 25. Rd1 a6 26. c4 Rxd1
27. Kxd1 Bxb2 28. Kc2 Bf6 29. a4 Ke7 30. Kd3 g5 31. Bd2 Kd6 32. Bb4+ c5 33. Bd2
Kc6 34. g4 b5 35. axb5+ axb5 36. cxb5+ Kxb5 37. f4 c4+ 38. Ke4 c3 39. Bc1 h6
40. f5 exf5+ 41. Kxf5 Bd4 42. Kg6 Kc4 43. Kxh6 Kd3 44. Kh5 c2 45. Ba3 Bf6 46.
Kg6 Be7 47. Kf5 Bxa3 {Normal} 0-1

[Event "Rated Blitz game"]
[Site "?"]
[Date "2021.11.09"]
[Round "?"]
[White "mory1223"]
[Black "lavilaine"]
[Result "0-1"]
[WhiteElo "2347"]
[BlackElo "2406"]
[PlyCount "118"]
[EventDate "2021.??.??"]
[EventType "blitz"]

1. e4 e5 2. Nf3 d5 3. Nxe5 Qe7 4. d4 f6 5. Nf3 dxe4 6. Ng1 f5 7. Nc3 Nf6 8. Bc4
Be6 9. d5 Bf7 10. Nge2 Nbd7 11. O-O Ne5 12. Bb3 O-O-O 13. Nf4 g5 14. Nfe2 f4
15. Nd4 Neg4 16. Qe2 Bh5 17. Qb5 f3 18. Nc6 Qc5 19. Bxg5 bxc6 20. Qa6+ Kb8 21.
dxc6 Qb6 22. Qa4 Bc5 23. Bh4 e3 24. fxe3 Bxe3+ 25. Kh1 fxg2+ 26. Kxg2 Be8 27.
Bg3 Bxc6+ 28. Qxc6 Qxc6+ 29. Kh3 h5 30. Rf5 Qd7 31. Ra5 Ne4 32. Kg2 Ngf2 33.
Rb5+ Qxb5 34. Nxb5 Nxg3 35. Bd5 Nge4 36. Nd6 Nxd6 37. Bc6 Bb6 38. Kf1 Rhg8 39.
Bf3 Rde8 40. Re1 Rxe1+ 41. Kxe1 Rg1+ 42. Ke2 Re1+ 43. Kxe1 Ng4 44. Ke2 Nxh2 45.
Kd1 Nxf3 46. Kc1 Nc4 47. Kb1 Nxb2 48. Ka1 Bd4 49. a3 Nc4+ 50. Ka2 Nxa3 51. Kb3
Ne1 52. Ka4 Nexc2 53. Kb3 Nc4 54. Ka4 c5 55. Kb3 N2a3 56. Ka4 a5 57. Kb3 h4 58.
Ka2 h3 59. Kb3 h2 {Time forfeit} 0-1

[Event "Rated Blitz game"]
[Site "?"]
[Date "2021.11.09"]
[Round "?"]
[White "izel2"]
[Black "Jomajo"]
[Result "0-1"]
[WhiteElo "2612"]
[BlackElo "2748"]
[PlyCount "68"]
[EventDate "2021.??.??"]
[EventType "blitz"]

1. e4 e5 2. Nf3 d5 3. exd5 e4 4. Qe2 Qe7 5. Nd4 Nf6 6. d3 exd3 7. Qxe7+ Bxe7 8.
Bxd3 Nxd5 9. O-O O-O 10. Nf5 Bf6 11. Na3 Nd7 12. Ng3 Nc5 13. Be4 Nb6 14. c3 c6
15. Be3 Nca4 16. Rab1 Be6 17. Bxb6 axb6 18. Nh5 Be5 19. Rfe1 f6 20. f4 Bd6 21.
Bxh7+ Kf7 22. f5 Bxa2 23. Rbd1 Rfd8 24. Bg6+ Kf8 25. Kh1 Bb3 26. Rd3 Nc5 27.
Rh3 Be5 28. c4 Nd3 29. Rf1 Nxb2 30. Nf4 Bxf4 31. Rh8+ Ke7 32. Rxd8 Rxd8 33. g3
Bd6 34. Re1+ Kd7 {Time forfeit} 0-1

[Event "Rated Blitz game"]
[Site "?"]
[Date "2021.11.09"]
[Round "?"]
[White "safyahmad1265"]
[Black "GrandeGila"]
[Result "1-0"]
[WhiteElo "2533"]
[BlackElo "2501"]
[PlyCount "67"]
[EventDate "2021.??.??"]
[EventType "blitz"]

1. e4 e5 2. Nf3 d5 3. exd5 e4 4. Qe2 Nf6 5. d3 Qxd5 6. Nc3 Bb4 7. dxe4 Bxc3+ 8.
bxc3 Qxe4 9. Qxe4+ Nxe4 10. Bd3 Nxc3 11. Bb2 Nd5 12. Bxg7 Rg8 13. Be5 Nc6 14.
Bg3 Be6 15. Bxh7 Rg4 16. h3 Ra4 17. O-O O-O-O 18. a3 f5 19. Rfe1 Bd7 20. Rad1
Nc3 21. Rxd7 Rxd7 22. Bxf5 Kd8 23. Bxd7 Kxd7 24. h4 Rxa3 25. h5 Ra5 26. Ne5+
Nxe5 27. Rxe5 Ra1+ 28. Kh2 Ra6 29. Bf4 Rf6 30. g3 c6 31. h6 Nd5 32. h7 Rf8 33.
Rh5 Nxf4 34. h8=Q {Normal} 1-0

[Event "Rated Blitz game"]
[Site "?"]
[Date "2021.11.09"]
[Round "?"]
[White "Kostov_64"]
[Black "Maltinho"]
[Result "1-0"]
[WhiteElo "2477"]
[BlackElo "2538"]
[PlyCount "80"]
[EventDate "2021.??.??"]
[EventType "blitz"]

1. e4 e5 2. Nf3 d5 3. Nxe5 Bd6 4. d4 dxe4 5. Nc4 Nf6 6. Nc3 O-O 7. Be2 Nc6 8.
Nxd6 Qxd6 9. Be3 Bf5 10. O-O Rfe8 11. Qd2 Rad8 12. Rad1 h6 13. f3 exf3 14. Bxf3
Ne4 15. Nxe4 Bxe4 16. Bxe4 Rxe4 17. c3 Rde8 18. Bf4 Qd5 19. Rf2 R8e7 20. b3 Qh5
21. Rdf1 Re2 22. Qd1 R7e4 23. Bxc7 Qg4 24. Bg3 Ne7 25. Rxe2 Qxe2 26. Qxe2 Rxe2
27. Re1 Rxe1+ 28. Bxe1 Nd5 29. Kf2 Nf4 30. Bd2 Ne6 31. Ke2 Kf8 32. Kd3 Ke7 33.
c4 b6 34. Be3 Kd6 35. d5 Nc7 36. b4 Ne8 37. Bd4 g5 38. Ke4 Ke7 39. c5 bxc5 40.
bxc5 Nc7 {Normal} 1-0

[Event "Rated Blitz game"]
[Site "?"]
[Date "2021.11.09"]
[Round "?"]
[White "streamerchessLp"]
[Black "Annali-annaliew1979"]
[Result "0-1"]
[WhiteElo "2366"]
[BlackElo "2467"]
[PlyCount "62"]
[EventDate "2021.??.??"]
[EventType "blitz"]

1. e4 e5 2. Nf3 d5 3. d4 dxe4 4. Nxe5 Bd6 5. Nc4 Nf6 6. Nxd6+ cxd6 7. c4 h6 8.
Nc3 O-O 9. d5 Bf5 10. Be2 a6 11. O-O Nbd7 12. Be3 Re8 13. b4 Bg6 14. a4 a5 15.
b5 b6 16. Bg4 Nc5 17. Bxc5 dxc5 18. Bh3 Qd6 19. Re1 Qe5 20. Re3 Qd4 21. Qc2
Rad8 22. Rd1 Qe5 23. Rde1 Qd4 24. Ne2 Qe5 25. Ng3 Qd4 26. Rd1 Qe5 27. Rde1 h5
28. f3 Qd4 29. Kh1 exf3 30. Rxe8+ Nxe8 31. gxf3 Bxc2 {Normal} 0-1

[Event "Rated Blitz game"]
[Site "?"]
[Date "2021.11.09"]
[Round "?"]
[White "Imeanbutokey"]
[Black "kamaio"]
[Result "1-0"]
[WhiteElo "2467"]
[BlackElo "2354"]
[PlyCount "69"]
[EventDate "2021.??.??"]
[EventType "blitz"]

1. e4 e5 2. Nf3 d5 3. exd5 e4 4. Qe2 Nf6 5. Nc3 Be7 6. Nxe4 O-O 7. Nxf6+ Bxf6
8. Qd1 Re8+ 9. Be2 Qe7 10. h3 Na6 11. c3 Nc5 12. d4 Ne4 13. Be3 Bf5 14. O-O Qd7
15. Ne5 Bxe5 16. dxe5 Rxe5 17. Bf4 Rxd5 18. Qb3 Nc5 19. Qb5 Ne6 20. Qb4 c5 21.
Qc4 b5 22. Qxb5 Qxb5 23. Bxb5 Rb8 24. Bxb8 Rd2 25. Ba4 Rxb2 26. Bd6 h5 27. Bb3
Ng5 28. Bxc5 Ne4 29. Be3 Nxc3 30. Rae1 Bd3 31. Kh1 Bxf1 32. Rxf1 Ne4 33. Kg1 g6
34. Rd1 Nf6 35. Bd4 {Normal} 1-0

[Event "Rated Blitz game"]
[Site "?"]
[Date "2021.11.09"]
[Round "?"]
[White "clyde321"]
[Black "artsportscience"]
[Result "1-0"]
[WhiteElo "2417"]
[BlackElo "2347"]
[PlyCount "55"]
[EventDate "2021.??.??"]
[EventType "blitz"]

1. e4 e5 2. Nf3 d5 3. d4 dxe4 4. Nxe5 Bd6 5. Nc4 Nf6 6. Nc3 Bf5 7. h4 Be7 8.
Ne3 Bd7 9. Bc4 c6 10. Bd2 b5 11. Bb3 a5 12. a4 b4 13. Ne2 Na6 14. Nf4 Nc7 15.
Nh5 O-O 16. Qe2 Be6 17. Bc4 Nfd5 18. O-O-O Qd7 19. Rdg1 Nxe3 20. Bxe3 Bg4 21.
f3 Bxh5 22. g4 exf3 23. Qxf3 Bg6 24. h5 c5 25. hxg6 Ne6 26. gxf7+ Rxf7 27. Qe4
Ng5 28. Qxa8+ {Normal} 1-0

[Event "Rated Blitz game"]
[Site "?"]
[Date "2021.11.09"]
[Round "?"]
[White "ZhuoKoudian"]
[Black "Benny_Watts_2005"]
[Result "0-1"]
[WhiteElo "2402"]
[BlackElo "2384"]
[PlyCount "144"]
[EventDate "2021.??.??"]
[EventType "blitz"]

1. e4 e5 2. Nf3 d5 3. Nxe5 Bd6 4. d4 dxe4 5. Bc4 Bxe5 6. dxe5 Qxd1+ 7. Kxd1 Nc6
8. Bf4 Nge7 9. Nc3 Bf5 10. Re1 O-O-O+ 11. Kc1 Ng6 12. Bg5 Ncxe5 13. Bxd8 Rxd8
14. Bb3 f6 15. Nxe4 Nf4 16. Ng3 Bg6 17. Rg1 h5 18. h4 Ng4 19. Rf1 Nxg2 20. Be6+
Kb8 21. Bxg4 hxg4 22. a4 Nxh4 23. Ra3 Nf3 24. Re3 b6 25. Re7 Rd2 26. Rxg7 Rxc2+
27. Kb1 Nd2+ 28. Ka2 Bd3 29. Rd1 a5 30. Rxg4 f5 31. Rd4 Bc4+ 32. Ka3 Nb3 33.
Rxc4 Rxc4 34. Kxb3 Rb4+ 35. Ka3 Rf4 36. Rd2 Rf3+ 37. b3 Kb7 38. Kb2 c6 39. Nf1
f4 40. Nh2 Rh3 41. f3 b5 42. Rf2 Kb6 43. Ng4 Rg3 44. Ne5 Kc5 45. Rc2+ Kd4 46.
Nxc6+ Kd5 47. axb5 Rxf3 48. Nxa5 Re3 49. b6 Re8 50. b7 Rb8 51. Kc1 f3 52. Kd1
f2 53. Ke2 f1=Q+ 54. Kxf1 Kd6 55. Ke2 Kd7 56. Kd3 Kd8 57. Kd4 Kd7 58. Kd5 Rxb7
59. b4 Rb5+ 60. Kc4 Rh5 61. Rd2+ Ke7 62. Kb3 Rh3+ 63. Ka4 Rh4 64. Re2+ Kf6 65.
Rc2 Kg5 66. Rc5+ Kg4 67. b5 Kg3+ 68. Kb3 Rh1 69. Rc3+ Kf2 70. Kc4 Ke1 71. Kb3
Ke2 72. Re3+ Kd2 {Time forfeit} 0-1

[Event "Rated Blitz game"]
[Site "?"]
[Date "2021.11.09"]
[Round "?"]
[White "Slava-Ukr"]
[Black "Pepiton61"]
[Result "1-0"]
[WhiteElo "2422"]
[BlackElo "2332"]
[PlyCount "109"]
[EventDate "2021.??.??"]
[EventType "blitz"]

1. e4 e5 2. Nf3 d5 3. exd5 e4 4. Qe2 Nf6 5. d3 Qxd5 6. dxe4 Qxe4 7. Bg5 Qxe2+
8. Bxe2 Ne4 9. Be3 Nc6 10. Nbd2 Nxd2 11. Bxd2 Be6 12. O-O O-O-O 13. a3 Nd4 14.
Nxd4 Rxd4 15. Bc3 Rd7 16. Rad1 Rg8 17. Rxd7 Kxd7 18. Rd1+ Bd6 19. Be5 f6 20.
Bxd6 cxd6 21. f4 Rc8 22. c3 Rc5 23. Kf2 a5 24. Ke3 Bb3 25. Rd4 h6 26. g3 g5 27.
fxg5 Re5+ 28. Re4 hxg5 29. h4 gxh4 30. gxh4 Ke6 31. h5 f5 32. Rxe5+ dxe5 33.
Bb5 f4+ 34. Ke2 Bd5 35. Be8 e4 36. h6 Kf6 37. b4 axb4 38. cxb4 b6 39. a4 Bg8
40. a5 bxa5 41. bxa5 Bc4+ 42. Ke1 f3 43. Kf2 Bb5 44. Bxb5 Ke5 45. h7 Kf4 46.
h8=Q e3+ 47. Ke1 e2 48. Qd4+ Kg3 49. Qe5+ Kg2 50. Qg5+ Kh3 51. Bd7+ Kh2 52. Kf2
e1=Q+ 53. Kxe1 Kh1 54. Kf2 Kh2 55. Qh5# {Normal} 1-0

[Event "Rated Blitz game"]
[Site "?"]
[Date "2021.11.09"]
[Round "?"]
[White "AgressiveMode"]
[Black "King_bg03"]
[Result "1-0"]
[WhiteElo "2708"]
[BlackElo "2604"]
[PlyCount "39"]
[EventDate "2021.??.??"]
[EventType "blitz"]

1. e4 e5 2. Nf3 d5 3. Nxe5 Bd6 4. d4 dxe4 5. Nc4 Nf6 6. Nc3 O-O 7. Bg5 Be7 8.
Qd2 Nbd7 9. O-O-O c6 10. Be2 b5 11. Ne5 Nxe5 12. dxe5 Nd7 13. Nxe4 Re8 14. Bxe7
Qxe7 15. Nd6 Rf8 16. Nxc8 Raxc8 17. Qxd7 Qxe5 18. Bf3 Qc5 19. Qd4 Qd5 20. Bxd5
{Normal} 1-0

[Event "Rated Blitz game"]
[Site "?"]
[Date "2021.11.09"]
[Round "?"]
[White "lecitronvert"]
[Black "Dungar"]
[Result "1-0"]
[WhiteElo "2579"]
[BlackElo "2536"]
[PlyCount "59"]
[EventDate "2021.??.??"]
[EventType "blitz"]

1. e4 e5 2. Nf3 d5 3. exd5 e4 4. Ng1 Nf6 5. Nc3 Bc5 6. d4 exd3 7. Bxd3 O-O 8.
Nge2 Ng4 9. O-O Qh4 10. Bf4 Nxf2 11. Rxf2 Bxf2+ 12. Kh1 Bg4 13. Qf1 Nd7 14.
Bxc7 Nf6 15. Nd1 Bb6 16. Bg3 Qg5 17. c4 h5 18. Bf4 Qh4 19. Bg3 Bxe2 20. Bxe2
Qe4 21. Nc3 Qe7 22. Bh4 Rfe8 23. Bxh5 Qe5 24. Bf3 Be3 25. Rd1 Bg5 26. Bg3 Qf5
27. d6 Ng4 28. Bxb7 Qxf1+ 29. Rxf1 Rab8 30. d7 {Normal} 1-0

[Event "Rated Blitz game"]
[Site "?"]
[Date "2021.11.09"]
[Round "?"]
[White "IvanVad98"]
[Black "lavilaine"]
[Result "1-0"]
[WhiteElo "2343"]
[BlackElo "2419"]
[PlyCount "31"]
[EventDate "2021.??.??"]
[EventType "blitz"]

1. e4 e5 2. Nf3 d5 3. exd5 e4 4. Qe2 f5 5. d3 Qxd5 6. dxe4 fxe4 7. Nc3 Bb4 8.
Bd2 Bxc3 9. Bxc3 Nf6 10. Rd1 Qh5 11. Bxf6 O-O 12. Qc4+ Kh8 13. Bxg7+ Kxg7 14.
Qxc7+ Rf7 15. Qe5+ Kh6 16. Rd6+ {Normal} 1-0

[Event "Rated Blitz game"]
[Site "?"]
[Date "2021.11.09"]
[Round "?"]
[White "DrabMemory"]
[Black "GrandeGila"]
[Result "1-0"]
[WhiteElo "2418"]
[BlackElo "2514"]
[PlyCount "69"]
[EventDate "2021.??.??"]
[EventType "blitz"]

1. e4 e5 2. Nf3 d5 3. Nxe5 Bd6 4. d4 dxe4 5. Nc4 Nc6 6. Nxd6+ Qxd6 7. Be3 Nf6
8. Be2 Bf5 9. O-O O-O-O 10. c3 h5 11. b4 Ng4 12. g3 Nxe3 13. fxe3 h4 14. Rxf5
hxg3 15. Bg4 Kb8 16. h3 g6 17. Rxf7 Rdf8 18. Rxf8+ Rxf8 19. Nd2 Qe7 20. Qc2 Qg5
21. Qxe4 Ne7 22. Rf1 Nf5 23. Bxf5 gxf5 24. Qf4 Qg6 25. Nf3 a5 26. Ne5 Qe6 27.
a3 a4 28. Rf3 Rd8 29. Rxg3 Qb3 30. Qg5 Re8 31. Qg6 Rd8 32. Qf6 Rd6 33. Qxf5 Ka7
34. Nd7 Qb1+ 35. Qxb1 {Normal} 1-0

[Event "Rated Blitz game"]
[Site "?"]
[Date "2021.11.09"]
[Round "?"]
[White "KannFastNix"]
[Black "King_bg03"]
[Result "0-1"]
[WhiteElo "2665"]
[BlackElo "2623"]
[PlyCount "46"]
[EventDate "2021.??.??"]
[EventType "blitz"]

1. e4 e5 2. Nf3 d5 3. exd5 e4 4. Qe2 Qe7 5. Nd4 Nf6 6. Nc3 Nbd7 7. d3 exd3 8.
Qxe7+ Bxe7 9. Bxd3 Nb6 10. d6 Bxd6 11. Ndb5 O-O 12. Nxd6 cxd6 13. O-O a6 14. b3
Rd8 15. Bb2 Be6 16. f3 Nbd5 17. Nxd5 Nxd5 18. a3 Rac8 19. Rfe1 Nf4 20. Bf1 Rxc2
21. Bd4 Bxb3 22. g3 Ne6 23. Rab1 Nxd4 {Time forfeit} 0-1

[Event "Rated Blitz game"]
[Site "?"]
[Date "2021.11.09"]
[Round "?"]
[White "LevPaukman"]
[Black "mirekkk14"]
[Result "1/2-1/2"]
[WhiteElo "2528"]
[BlackElo "2402"]
[PlyCount "101"]
[EventDate "2021.??.??"]
[EventType "blitz"]

1. e4 e5 2. Nf3 d5 3. Nxe5 Bd6 4. d4 dxe4 5. Nc4 Nf6 6. Nxd6+ Qxd6 7. Be2 O-O
8. O-O Nc6 9. c3 Re8 10. Re1 Bf5 11. g3 Qd7 12. Bf4 Nd5 13. Bc1 a6 14. Nd2 e3
15. Nf1 exf2+ 16. Kxf2 Bh3 17. Bf3 Rxe1 18. Qxe1 Re8 19. Qd1 Bxf1 20. Qxf1 b5
21. Bd2 Qf5 22. Re1 Rxe1 23. Qxe1 Kf8 24. Qe4 Qxe4 25. Bxe4 Nde7 26. b4 f5 27.
Bd3 g6 28. h4 Kf7 29. Bc2 Kf6 30. a4 Nd5 31. axb5 axb5 32. Bd3 Na7 33. Bg5+ Ke6
34. Bd2 c6 35. Kf3 Nc8 36. g4 Nd6 37. g5 Nc4 38. Be1 Nb2 39. Be2 Na4 40. c4
bxc4 41. Bxc4 Kd6 42. b5 cxb5 43. Bxb5 Nac3 44. Bc4 Na4 45. Bg3+ Ke6 46. Be5
Nab6 47. Bb3 Kd7 48. Ba2 Ke6 49. Bb3 Kd7 50. Ba2 Ke6 51. Bb3 {Normal} 1/2-1/2

[Event "Rated Blitz game"]
[Site "?"]
[Date "2021.11.09"]
[Round "?"]
[White "Obinonoobie"]
[Black "alaeldin1212"]
[Result "0-1"]
[WhiteElo "2416"]
[BlackElo "2376"]
[PlyCount "62"]
[EventDate "2021.??.??"]
[EventType "blitz"]

1. e4 e5 2. Nf3 d5 3. Nxe5 Bd6 4. d4 dxe4 5. Nc3 Nf6 6. Bg5 O-O 7. Bxf6 Qxf6 8.
Nxe4 Qe7 9. Bd3 Bxe5 10. dxe5 Qxe5 11. O-O Nc6 12. Re1 Be6 13. c3 Rad8 14. Qc2
Qh5 15. Ng3 Qh6 16. Re3 g6 17. Ne4 Ne5 18. Be2 Bf5 19. Qa4 Kh8 20. h3 a6 21.
Re1 Qf4 22. Bf1 Rd2 23. R3e2 Rfd8 24. g3 Nf3+ 25. Kh1 Qh6 26. Rxd2 Nxd2 27. h4
Nxf1 28. Rxf1 Qh5 29. Kg2 Qg4 30. f3 Rd2+ 31. Nxd2 Qxa4 {Normal} 0-1

[Event "Rated Blitz game"]
[Site "?"]
[Date "2021.11.09"]
[Round "?"]
[White "pro100still"]
[Black "Annali-annaliew1979"]
[Result "0-1"]
[WhiteElo "2443"]
[BlackElo "2481"]
[PlyCount "46"]
[EventDate "2021.??.??"]
[EventType "blitz"]

1. e4 e5 2. Nf3 d5 3. Nxe5 Qe7 4. d4 f6 5. Qh5+ g6 6. Nxg6 Qxe4+ 7. Be3 Qxg6 8.
Qd1 Nc6 9. Be2 h5 10. Nc3 Bb4 11. Bf3 Nge7 12. a3 Bxc3+ 13. bxc3 Bf5 14. Qd2
Bxc2 15. O-O Be4 16. Bxe4 dxe4 17. Bf4 Rg8 18. f3 O-O-O 19. fxe4 Qxe4 20. Rab1
h4 21. h3 Nd5 22. Bh2 Ne3 23. Rf2 Qxb1+ {Normal} 0-1

[Event "Rated Blitz game"]
[Site "?"]
[Date "2021.11.09"]
[Round "?"]
[White "Coach_Vice2"]
[Black "Jomajo"]
[Result "0-1"]
[WhiteElo "2549"]
[BlackElo "2670"]
[PlyCount "162"]
[EventDate "2021.??.??"]
[EventType "blitz"]

1. e4 e5 2. Nf3 d5 3. d4 dxe4 4. Nxe5 Bd6 5. Nc4 Nc6 6. Be2 Nxd4 7. O-O Nf6 8.
Bg5 h6 9. Bh4 Nf5 10. Bg3 Bxg3 11. hxg3 O-O 12. Qc1 Nd4 13. Bd1 Be6 14. Ne3 Qe7
15. c3 Nf5 16. Bc2 Rad8 17. Re1 Qc5 18. Nd2 Nd6 19. Nb3 Qh5 20. Nd4 Bc8 21. Bd1
Qg6 22. Bc2 c5 23. Nb3 b6 24. Nd2 Qg5 25. Ndf1 Rfe8 26. a4 a5 27. Rb1 h5 28. b4
h4 29. bxa5 bxa5 30. Rb6 Nh5 31. Rd1 hxg3 32. Rbxd6 Rxd6 33. Rxd6 gxf2+ 34.
Kxf2 Qf4+ 35. Kg1 Qxd6 36. Bb3 Be6 37. Bc2 Nf4 38. Qe1 Ng6 39. Bxe4 Bd7 40. Bf3
Bxa4 41. Qf2 Bb5 42. Ng3 Bd3 43. Qd2 Rd8 44. Ngf1 a4 45. Qa2 Qa6 46. Ng3 a3 47.
Nh5 c4 48. Bd5 Qb6 49. Kf2 Qb2+ 50. Qxb2 axb2 51. Nf4 b1=Q 52. Nxg6 Bxg6 53.
Nxc4 Qc2+ 54. Kg1 Qxc3 55. Nb6 Qd4+ 56. Kh2 Qxb6 57. Bf3 Qd6+ 58. Kh3 Qe5 59.
Kg4 Re8 60. Kh3 Re7 61. Kg4 Re6 62. Kh3 Rf6 63. Kg4 Rf4+ 64. Kh3 Rxf3+ 65. gxf3
Qf5+ 66. Kg2 Bh5 67. Kf2 Qf4 68. Ke1 Qxf3 69. Kd2 Qe2+ 70. Kc3 Qe5+ 71. Kd3 f5
72. Kc4 f4 73. Kd3 g5 74. Kc2 g4 75. Kd3 g3 76. Kc2 f3 77. Kd3 g2 78. Kc2 f2
79. Kd3 Kf7 80. Kc2 Ke6 81. Kd3 Kd5 {Time forfeit} 0-1

[Event "Rated Blitz game"]
[Site "?"]
[Date "2021.11.09"]
[Round "?"]
[White "Rafael18"]
[Black "lavilaine"]
[Result "0-1"]
[WhiteElo "2375"]
[BlackElo "2411"]
[PlyCount "144"]
[EventDate "2021.??.??"]
[EventType "blitz"]

1. e4 e5 2. Nf3 d5 3. exd5 Bd6 4. Nc3 Nf6 5. Bb5+ Bd7 6. Bxd7+ Nbxd7 7. O-O O-O
8. d3 Nb6 9. Bg5 h6 10. Bxf6 Qxf6 11. Ne4 Qe7 12. c4 f5 13. Nxd6 cxd6 14. a4 a5
15. Qb3 Qc7 16. Rac1 Nd7 17. Nd2 Nc5 18. Qc2 Na6 19. Nb3 Nb4 20. Qd2 b6 21. d4
e4 22. c5 Nxd5 23. Qe2 Nb4 24. Qc4+ d5 25. Qb5 Rab8 26. cxb6 Qxb6 27. Qxa5 Qxa5
28. Nxa5 Nd3 29. Rc2 Rxb2 30. Rxb2 Nxb2 31. Ra1 Ra8 32. Nc6 Rxa4 33. Rxa4 Nxa4
34. Ne7+ Kf7 35. Nxd5 Ke6 36. Ne3 f4 37. Nc2 Kd5 38. Kf1 Kc4 39. g3 g5 40. h4
Kc3 41. Na3 Kxd4 42. hxg5 hxg5 43. gxf4 gxf4 44. Nb5+ Kd3 45. Nd6 Nc3 46. Ke1
Nd5 47. Nf5 Nb4 48. Kd1 Nc2 49. Nh4 e3 50. fxe3 fxe3 51. Nf3 e2+ 52. Kc1 Nd4
53. Ne1+ Ke3 54. Kb2 Nf3 55. Nc2+ Kd2 56. Kb3 Ne1 57. Nd4 Nc2 58. Nf3+ Kd1 59.
Kc3 Ne3 60. Kd3 Nf5 61. Ke4 Nh4 62. Nxh4 e1=Q+ 63. Kf3 Qxh4 64. Ke3 Qc4 65. Kf3
Qd4 66. Kg2 Qe3 67. Kh2 Qf3 68. Kg1 Qe2 69. Kh1 Kd2 70. Kg1 Ke3 71. Kh1 Kf3 72.
Kg1 Qg2# {Normal} 0-1

[Event "Rated Blitz game"]
[Site "?"]
[Date "2021.11.09"]
[Round "?"]
[White "ambrona"]
[Black "elrond"]
[Result "1-0"]
[WhiteElo "2443"]
[BlackElo "2419"]
[PlyCount "117"]
[EventDate "2021.??.??"]
[EventType "blitz"]

1. e4 e5 2. Nf3 d5 3. exd5 e4 4. Qe2 Nf6 5. Nc3 Bb4 6. Nxe4 O-O 7. Nxf6+ Qxf6
8. Kd1 Bg4 9. h3 Bh5 10. g4 Bg6 11. Bg2 Na6 12. Qc4 Rfe8 13. c3 Re4 14. d4 Be7
15. Bg5 Qd6 16. Bxe7 Qxe7 17. Ne5 Rf4 18. Nxg6 hxg6 19. Re1 Qf6 20. f3 Qh4 21.
Qe2 Rd8 22. Qe7 Qxe7 23. Rxe7 Rxd5 24. Kc2 b6 25. Rae1 Kh7 26. h4 c5 27. dxc5
Nxc5 28. Rxa7 g5 29. hxg5 Rxg5 30. Ree7 Kg6 31. b4 Ne6 32. Rab7 b5 33. Rbd7 Re5
34. Rd2 Nd4+ 35. Rxd4 Rxe7 36. Rxf4 Re2+ 37. Kb3 Rxg2 38. Rd4 Rg3 39. f4 Rxg4
40. Rd5 Rxf4 41. Rxb5 f5 42. a4 Re4 43. a5 f4 44. a6 Re6 45. a7 Ra6 46. Ra5
Rxa7 47. Rxa7 Kf5 48. Rxg7 Ke4 49. Rf7 f3 50. b5 f2 51. b6 Ke3 52. Rxf2 Kxf2
53. b7 Ke3 54. b8=Q Kd2 55. Qd6+ Kc1 56. c4 Kb1 57. c5 Ka1 58. c6 Kb1 59. Qd1#
{Normal} 1-0

[Event "Rated Blitz game"]
[Site "?"]
[Date "2021.11.09"]
[Round "?"]
[White "cyrilortega62"]
[Black "Jomajo"]
[Result "0-1"]
[WhiteElo "2573"]
[BlackElo "2707"]
[PlyCount "34"]
[EventDate "2021.??.??"]
[EventType "blitz"]

1. e4 e5 2. Nf3 d5 3. exd5 e4 4. Ne5 Qxd5 5. d4 exd3 6. Nxd3 Nc6 7. Nc3 Qa5 8.
Bd2 Nf6 9. Be2 Qf5 10. h3 Bd6 11. g4 Qe6 12. O-O h5 13. f4 hxg4 14. hxg4 Nd4
15. f5 Nxe2+ 16. Nxe2 Qe4 17. Nf2 Bh2# {Normal} 0-1

[Event "Rated Blitz game"]
[Site "?"]
[Date "2021.11.09"]
[Round "?"]
[White "dioniwo"]
[Black "Jomajo"]
[Result "0-1"]
[WhiteElo "2563"]
[BlackElo "2745"]
[PlyCount "112"]
[EventDate "2021.??.??"]
[EventType "blitz"]

1. e4 e5 2. Nf3 d5 3. Nxe5 Bd6 4. d4 dxe4 5. Nc3 Bxe5 6. dxe5 Qxd1+ 7. Nxd1 Nc6
8. Bb5 Bd7 9. Bf4 Nge7 10. Nc3 Ng6 11. Bg3 O-O-O 12. Nxe4 Ncxe5 13. Bxd7+ Rxd7
14. O-O f5 15. Bxe5 Nxe5 16. Ng3 g6 17. Rad1 Rhd8 18. Rxd7 Rxd7 19. Re1 Nc6 20.
h4 Rd2 21. Re2 Rxe2 22. Nxe2 Nb4 23. c3 Nd3 24. b4 Kd7 25. g3 Kd6 26. Kg2 Kd5
27. Kf3 Kc4 28. Ke3 b6 29. f3 c5 30. bxc5 bxc5 31. g4 fxg4 32. fxg4 a5 33. g5
a4 34. Ng3 a3 35. Ne2 Nb2 36. Kd2 Na4 37. Kc2 Nb6 38. Nf4 Na4 39. Nxg6 Nxc3 40.
Ne5+ Kd4 41. Nf3+ Kc4 42. Nd2+ Kb4 43. h5 Nd5 44. g6 Nf6 45. g7 h6 46. Ne4 Ng8
47. Nd6 c4 48. Ne4 c3 49. Nxc3 Kc4 50. Ne4 Kd4 51. Nd6 Kc5 52. Ne4+ Kd4 53. Nc3
Kc4 54. Ne4 Ne7 55. Nf6 Kd4 56. g8=Q Nf5 {Time forfeit} 0-1

[Event "Rated Blitz tournament G9mrVL8t"]
[Site "?"]
[Date "2021.11.09"]
[Round "?"]
[White "Anonymous_Warrior"]
[Black "Tyutyunov_Aleksei"]
[Result "1-0"]
[WhiteElo "2649"]
[BlackElo "2232"]
[PlyCount "83"]
[EventDate "2021.??.??"]
[EventType "blitz"]

1. e4 e5 2. Nf3 d5 3. exd5 e4 4. Qe2 Qe7 5. Nc3 exf3 6. Qxe7+ Nxe7 7. gxf3 Ng6
8. Nb5 Bd6 9. c4 a6 10. Nxd6+ cxd6 11. d4 O-O 12. h4 h5 13. Be3 Re8 14. Kd2 Bf5
15. b4 Nd7 16. a3 Rac8 17. Rc1 b6 18. Be2 Rc7 19. Rhg1 Nxh4 20. Rh1 Ng6 21.
Rxh5 Ngf8 22. Rxf5 g6 23. Rg5 Kg7 24. Rh1 Nh7 25. Rg2 b5 26. c5 Ndf6 27. Rgh2
Nf8 28. Bh6+ Kg8 29. Bg5 N6h7 30. Bf4 Rce7 31. Bd3 dxc5 32. dxc5 g5 33. Bxh7+
Nxh7 34. Rxh7 gxf4 35. Rh8+ Kg7 36. R1h7+ Kf6 37. Rh6+ Ke5 38. Rxe8 Rxe8 39. d6
Kd4 40. d7 Rd8 41. c6 Kc4 42. Rd6 {Normal} 1-0